| 000 | 00671cam a2200241 4500 | ||
|---|---|---|---|
| 001 | M96843 | ||
| 008 | 090401t1998 xxu||||| |||| 00| 0 eng d | ||
| 035 | _a(Sirsi) u91507 | ||
| 041 | _aeng | ||
| 050 | _a333.332 | ||
| 110 |
_aRoyal Institution of Chartered Surveyors _94900 |
||
| 245 | _aRICS Appraisal and valuation manual. - Amendment 10 (December 1998) | ||
| 260 |
_aLondon _bRICS _c1998 |
||
| 300 | _aca.20p. ; 30cm. | ||
| 350 | _a0 | ||
| 650 | _aAMENDMENT 10 | ||
| 650 | _aAPPRAISAL AND VALUATION MANUAL | ||
| 650 | _aRICS APPRAISAL AND VALUATION MANUAL | ||
| 650 | _aWHITE BOOK | ||
| 690 | _aRATING AND VALUATION | ||
| 942 | _n0 | ||
| 948 | _c22/02/1999 | ||
| 999 |
_c97649 _d97649 |
||